Bertolt brecht [klotz] /

Guardado en:
Autor Principal: Klotz, Volker
Formato: Libro
Publicado: Buenos Aires : La Mandragora, 1959
Materias:
Etiquetas: Agregar Etiqueta
Sin Etiquetas, Sea el primero en etiquetar este registro!
LEADER 00435nam a22001455a 4500
001 EHU.bham009042
003 AR-BHAM
005 20100108105946.0
008 130507s1959##################000#0#####d
082 8 3 |a 832.907 
100 1 |a Klotz, Volker 
245 1 0 |a Bertolt brecht [klotz] /  |c Volker Klotz. 
260 |a Buenos Aires :  |b La Mandragora,  |c 1959 
653 |a Teatro aleman-1900- 
859 |a AR-BHAM  |b BIB. HUMANIDADES - General  |h 832.907  |i K699  |p 826.93  |t Ej.1